U.S. Cities With The Most Ozone Pollution - Statistics

General Stats
  • This quiz has been taken 52 times
  • The average score is 13 of 20
Answer Stats
State City % Correct
California San Jose-San Francisco-Oakland
98%
Texas Dallas-Fort Worth
91%
Texas Houston
91%
New York/New Jersey New York-Newark
91%
Colorado Denver-Aurora
89%
Utah Salt Lake City-Orem
86%
California San Diego-Carlsbad
86%
California Sacramento-Roseville
80%
Maryland/Virginia Baltimore-Arlington-DC
77%
Arizona Phoenix-Mesa-Scottsdale
75%
Nevada Las Vegas
70%
Connecticut Hartford
64%
California Los Angeles
64%
California Bakersfield
61%
California Fresno
55%
Colorado Fort Collins
39%
California Modesto-Merced
36%
California El Centro
11%
California Visalia-Porterville-Hanford
11%
California Chico
9%
No matching quizzes found
Score Distribution
Percent of People with Each Score
Percentile by Number Answered
Your Score History
You have not taken this quiz